Loading...
| Mythology | 0 | 5 | 0 | 0 | 50 | 77 | 100.20 | 0 | 4 | 0.00 | 0.00 |
| Science - Biology | 0 | 5 | 1 | 0 | 45 | 56 | 94.80 | 1 | 3 | 0.00 | 0.00 |
| History - Other | 0 | 4 | 0 | 1 | 40 | 54 | 70.75 | 1 | 3 | 0.00 | 0.00 |
| History - European | 0 | 4 | 0 | 3 | 40 | 51 | 95.00 | 0 | 1 | 0.00 | 0.00 |
| Social Science | 0 | 2 | 0 | 2 | 20 | 120 | 121.50 | 0 | 1 | 0.00 | 0.00 |
| History - World | 0 | 2 | 0 | 1 | 20 | 106 | 114.00 | 1 | 1 | 0.00 | 0.00 |
| Religion | 0 | 2 | 1 | 0 | 15 | 106 | 107.50 | 0 | 0 | 0.00 | 0.00 |
| History - American | 0 | 2 | 1 | 1 | 15 | 123 | 126.50 | 0 | 1 | 0.00 | 0.00 |
| Philosophy | 0 | 1 | 0 | 1 | 10 | 138 | 138.00 | 0 | 0 | 0.00 | 0.00 |
| Fine Arts - Painting and Sculpture | 0 | 1 | 0 | 0 | 10 | 81 | 81.00 | 0 | 1 | 0.00 | 0.00 |
| Geography | 0 | 1 | 0 | 0 | 10 | 69 | 69.00 | 0 | 0 | 0.00 | 0.00 |
| Fine Arts - Other | 0 | 1 | 0 | 0 | 10 | 21 | 21.00 | 0 | 1 | 0.00 | 0.00 |
| Pop Culture | 0 | 1 | 0 | 0 | 10 | 119 | 119.00 | 0 | 0 | 0.00 | 0.00 |
| Science - Other | 0 | 1 | 0 | 0 | 10 | 41 | 41.00 | 1 | 1 | 0.00 | 0.00 |
| Science - Physics | 0 | 1 | 0 | 0 | 10 | 118 | 118.00 | 0 | 1 | 0.00 | 0.00 |
| Science - Chemistry | 0 | 0 | 1 | 0 | -5 | 0.00 | 0 | 0 | 0.00 | 0.00 |